| Tag |
First Indicator |
Second Indicator |
Subfields |
| LEADER |
00000cgm a2200000Ia 4500 |
| 001 |
in00002511821 |
| 005 |
20151111060311.0 |
| 007 |
vd bvaizm |
| 008 |
070523s2007 gw 183 vlger d |
| 024 |
1 |
|
|a 824121001513
|
| 028 |
4 |
2 |
|a DVWW-OPFROS
|b TDK
|
| 029 |
1 |
|
|a AU@
|b 000043086620
|
| 035 |
|
|
|a (OCoLC)ocn133466627
|
| 035 |
|
|
|a (OCoLC)133466627
|
| 040 |
|
|
|a XIM
|c XIM
|d LF8
|d UtOrBLW
|
| 049 |
|
|
|a TXAM
|
| 090 |
|
|
|a M1500.S93
|b F74 2007
|
| 100 |
1 |
|
|a Strauss, Richard,
|d 1864-1949.
|
| 240 |
1 |
0 |
|a Frau ohne Schatten
|
| 245 |
1 |
4 |
|a Die Frau ohne Schatten /
|c Richard Strauss ; directed for stage by Ennosuke Ichikawa.
|
| 264 |
|
1 |
|a Ratingen, Germany :
|b TDK,
|c [2007]
|
| 264 |
|
4 |
|c ©2007
|
| 300 |
|
|
|a 2 videodiscs (183 min.) :
|b sound, black and white ;
|c 4 3/4 in.
|
| 336 |
|
|
|a two-dimensional moving image
|b tdi
|2 rdacontent
|
| 337 |
|
|
|a video
|b v
|2 rdamedia
|
| 338 |
|
|
|a videodisc
|b vd
|2 rdacarrier
|
| 538 |
|
|
|a DVD; NTSC; region 0; sound formats: DD 5.1, DTS 5.1, stereo.; picture format: 4:3.
|
| 546 |
|
|
|a Sung in German; subtitles in English, German, French, Italian.
|
| 511 |
0 |
|
|a Peter Seiffert ; Luana DeVol ; Marjana Lipovšek ; Jan-Hendrik Rootering ' Annegeer Stumphius ; Herbert Lippert ; Caroline Maria Petrig ; Anne Salvan ; Alan Titus ; Janis Martin ; Chor der Bayerischen Staatsoper ; Udo Mehrpohl, concert master ; Bayerisches Staatsorchester ; Wolfgang Sawallisch, conductor.
|
| 508 |
|
|
|a Set design by Setsu Asakura ; Costume design by Tomio Mohri ; Choreography by Kanshino Fujima.
|
| 500 |
|
|
|a Opera in three acts.
|
| 500 |
|
|
|a Libretto by Hugo von Hofmannsthal.
|
| 518 |
|
|
|a Recorded live at the Aichi Prefectural Art Theater, Nagoya, Japan, 8 & 11 November 1992.
|
| 500 |
|
|
|a Program notes in German, with English and French translations (12 pages : ill. ; ports.) inserted in container.
|
| 500 |
|
|
|a Videorecording.
|
| 650 |
|
0 |
|a Operas.
|
| 650 |
|
0 |
|a Filmed operas.
|
| 700 |
1 |
|
|a Mehrpohl, Udo,
|e conductor.
|
| 700 |
1 |
|
|a Ichikawa, Ennosuke,
|d 1939-
|
| 700 |
1 |
|
|a Sawallisch, Wolfgang,
|d 1923-2013,
|e conductor.
|
| 700 |
1 |
|
|a Asakura, Setsu,
|d 1922-2014,
|e designer.
|
| 700 |
1 |
|
|a Mohri, Tomio,
|e designer.
|
| 700 |
1 |
|
|a Fujima, Kanshino,
|e choreographer.
|
| 700 |
1 |
|
|a Hofmannsthal, Hugo von,
|d 1874-1929,
|e librettist.
|
| 700 |
1 |
|
|a Seiffert, Peter,
|e performer.
|
| 700 |
1 |
|
|a DeVol, Luana,
|e performer.
|
| 700 |
1 |
|
|a Lipovšek, Marjana,
|e performer.
|
| 700 |
1 |
|
|a Rootering, Jan-Hendrik,
|d 1950-
|e performer.
|
| 700 |
1 |
|
|a Stumphius, Annegeer,
|e performer.
|
| 700 |
1 |
|
|a Lippert, Herbert,
|d 1963-
|e performer.
|
| 710 |
2 |
|
|a Bayerische Staatsoper München.
|b Chor,
|e performer.
|
| 710 |
2 |
|
|a Bayerisches Staatsorchester,
|e performer.
|
| 710 |
2 |
|
|a TDK Marketing Europe GmbH.
|
| 994 |
|
|
|a C0
|b TXA
|
| 948 |
|
|
|a cataloged
|b h
|c 2009/10/22
|d c
|e blrosas
|f 11:01:17 am
|
| 999 |
|
|
|a MARS
|
| 999 |
f |
f |
|s e6bbd51b-f162-3e4e-b1fd-2c3170989d93
|i 72c0a64a-1548-3f81-a29c-10922195ed98
|t 0
|
| 952 |
f |
f |
|p ric
|a Texas A&M University
|b Rellis Campus
|c Joint Library Facility
|d Remote Storage
|t 0
|e M1500.S93 F74 2007
|h Library of Congress classification
|i video -- videodisc
|m A14838942738
|
| 998 |
f |
f |
|a M1500.S93 F74 2007
|t 0
|l Remote Storage
|